| 000 | 00440cam a2200181ua 4500 | ||
|---|---|---|---|
| 020 | _c40.00 | ||
| 041 |
_aeng _h |
||
| 082 |
_a692.5 _bEDW/SP |
||
| 100 | _aEdwards, Griffith.H . | ||
| 245 |
_aSpecifications / _cH.Griffith Edwards. _hTextual Documents |
||
| 250 |
_a2 / _b. |
||
| 260 |
_aNewyork : _bD.Van nostrand co.Inc , _c1961. |
||
| 300 | _a372 ; . | ||
| 365 | _a40.00 | ||
| 504 | _a | ||
| 942 | _cBK | ||
| 999 |
_c1618 _d1618 |
||